Hướng dẫn quản trị mạng microsoft windows server 2003
Wedi'i Gadw mewn:
| Prif Awdur: | |
|---|---|
| Fformat: | Llyfr |
| Iaith: | Undetermined |
| Cyhoeddwyd: |
Tp.Hồ CHí Minh
Nhà xuất bản Tp.Hồ CHí Minh
2005
|
| Pynciau: | |
| Tagiau: |
Ychwanegu Tag
Dim Tagiau, Byddwch y cyntaf i dagio'r cofnod hwn!
|
| Thư viện lưu trữ: | Trung tâm Học liệu Trường Đại học Cần Thơ |
|---|
| LEADER | 00633nam a2200205Ia 4500 | ||
|---|---|---|---|
| 001 | CTU_92718 | ||
| 008 | 210402s9999 xx 000 0 und d | ||
| 020 | |c 70000 | ||
| 082 | |a 005.44769 | ||
| 082 | |b H406 | ||
| 100 | |a Hoàn Vũ | ||
| 245 | 0 | |a Hướng dẫn quản trị mạng microsoft windows server 2003 | |
| 245 | 0 | |c Hoàn Vũ | |
| 260 | |a Tp.Hồ CHí Minh | ||
| 260 | |b Nhà xuất bản Tp.Hồ CHí Minh | ||
| 260 | |c 2005 | ||
| 650 | |a Microsoft software,Microsoft windows server | ||
| 650 | |x Examination,Study guides | ||
| 904 | |i Truc | ||
| 980 | |a Trung tâm Học liệu Trường Đại học Cần Thơ | ||